000 00304nam a22001337a 4500
008 171025b xxu||||| |||| 00| 0 eng d
020 _a0673464148
041 _aeng
080 _a311
100 _a55
101 _aSTA
245 _aRESEARCH DESIGN & STATISTICAL ANALYSIS
_cMYERS,J.L
942 _2udc
_cBK
999 _c35975
_d35975